Sportifs Autrichiens - Mort Subite - Statistiques

Statistiques générales
  • Ce quiz a été pris 81 fois
  • Le résultat moyen est 6 sur 30
Answers on the Grid
Answers color-coded by a green-red scale on the quiz's grid according to % correct below.
Josef Straka
Dominik Landertinger
Werner Schlager
Walter Schleger
Jean-Sébastien Bach
Wolfgang Amadeus Mozart
Olivier Knupfer
Marc Schneeberger
Franz Tost
Silvio Moser
Simon Ammann
Benjamin Raich
Thomas Mongerstern
Yann Zimmer
Christian Klien
Gregor Schlierenzauer
Mathias Brägger
Mario Matt
Romed Baumann
Rolf Schrepfer
Lukas Hofer
Felix Oschmautz
Dominic Thiem
Simon Eder
Herman von Artens
Brad Binder
Anton Engelbert Sailer
Urs Lehmann
Roland Ratzenberger
Mattias Mayer
Walter Tresch
Stefan Koubek
Niki Lauda
Roger Federer
Miklós Fehé
Dorian Girod
René Hofer
Felix Baumgartner
Charlie Wurz
Lucas Auer
Philipp Kocher
Helmut Marko
Josef Steinbach
Philipp Eng
Marcel Hirscher
Daniel Albrecht
Herbert Neubauer
René Binder
 
Statistiques - réponses
Réponse % Correct
Dominic Thiem
66%
Felix Baumgartner
52%
Niki Lauda
51%
Marcel Hirscher
46%
Simon Eder
39%
Dominik Landertinger
31%
Mario Matt
31%
Roland Ratzenberger
31%
Helmut Marko
23%
Mattias Mayer
23%
Christian Klien
16%
Gregor Schlierenzauer
16%
Benjamin Raich
13%
Franz Tost
13%
Werner Schlager
13%
Charlie Wurz
10%
Josef Straka
10%
Stefan Koubek
10%
Thomas Mongerstern
10%
Walter Schleger
10%
René Binder
8%
Romed Baumann
8%
Simon Ammann
8%
Felix Oschmautz
7%
Lucas Auer
7%
Anton Engelbert Sailer
3%
Josef Steinbach
3%
Philipp Eng
3%
René Hofer
3%
Herman von Artens
0%
Aucun quiz correspondant
Distribution des résultats
% des personnes avec chaque résultat
Percentile par nombre de réponses
Votre historique - résultats
Vous n’avez pas pris ce quiz